Представление документа в формате RUSMARC

ПолеНазваниеЗначение
  Тип записи a
  Библиографический уровень m
001 Контрольный номер RU/ГПНТБ России/KNIGADB/37.25/Н 561-649538628
005 Дата корректировки 20230110164703.0
010 Индекс ISBN __
a ISBN 978-5-04-095058-4
b Уточнения в пер.
9 Тираж 2000 экз.
d Цена 1397-58
100 Данные общей обработки __
a Данные общей обработки 20220622d2020 ma y0rusy028902 ca
101 Язык документа 0_
a Язык текста rus
102 Страна публикации __
a Страна публикации RU
105 Кодированные данные (монография) __
a Кодированные данные (монография) c z 001yy
181 Поле кодированных данных: вид содержания _0
a Код вида содержания (ISBD) i
181 Поле кодированных данных: вид содержания _0
a Код вида содержания (ISBD) b
182 Поле кодированных данных: тип средства _0
a Код типа средства (ISBD) n
200 Заглавие и сведения об ответственности 1_
a Заглавие Кожа и мех: шитье и ремонт
e Сведения, относящиеся к заглавию самое полное и понятное пошаговое руководство для начинающих
e Сведения, относящиеся к заглавию [более 1000 пошаговых иллюстраций. Новейшая энциклопедия. Новый подход к подаче материала. Идеальное сочетание теории и практики. Удобная структура и навигация]
f Первые сведения об ответственности Татьяна Нестерюк
203 Вид содержания и тип средства __
a Вид содержания Текст
a Вид содержания Изображение
c Тип средства непосредственные
210 Выходные данные 1_
a Место издания Москва
c Издательство Эксмо
d Дата издания 2020
215 Физическое описание __
a Объем 287 с.
c Иллюстрации/тип воспроизводства цв. фот.
d Формат 26 см
225 Серия 2_
a Серия Новейшая энциклопедия рукоделия
320 Библиография __
a Библиография Алфавитный указатель: с. 286
330 Аннотация __
a Аннотация Кожа и мех в современном гардеробе занимают большое место, и зачастую возникает необходимость в мелком ремонте шубы или кожаной сумочки. А с модой на кожаные и даже меховые аксессуары и даже украшения хочется найти воплощение собственным идеям и фантазиям. Но как трудно решиться, ведь это кажется таким трудным и недоступным делом. Новая книга серии "Новейшая энциклопедия рукоделия" с легкостью решит все эти проблемы. В подробных, отлично проиллюстрированных мастер-классах авторы расскажут и покажут, как выбрать кожу или мех, сориентируют в приобретении нужных инструментов, помогут разобраться в море фурнитуры, научат правильно отрезать, сшить, подшить или создать элегантный чехол для телефона, браслет или даже сумку. Подшить рукава шубы, поставить аккуратную заплатку, и многое-многое другое! Книга очень практична, но при этом будит фантазию и побуждает к творчеству. Кто знает, может из-под ваших рук выйдут оригинальные игрушки или даже одежда. В любом случае бесценные и редкие навыки останутся с вами на всю жизнь!
606 Тематические рубрики __
a Основная рубрика Изобразительное искусство и архитектура
2 Код системы nlr_sh
606 Тематические рубрики __
a Основная рубрика Художественные изделия
2 Код системы nlr_sh
610 Ключевые слова 0_
a Ключевые слова рукоделие
610 Ключевые слова 0_
a Ключевые слова хобби
610 Ключевые слова 0_
a Ключевые слова досуг
610 Ключевые слова 0_
a Ключевые слова увлечения
610 Ключевые слова 0_
a Ключевые слова изделия из кожи
610 Ключевые слова 0_
a Ключевые слова изделия из меха
610 Ключевые слова 0_
a Ключевые слова украшения из кожи
610 Ключевые слова 0_
a Ключевые слова украшения из меха
610 Ключевые слова 0_
a Ключевые слова уход за мехом
610 Ключевые слова 0_
a Ключевые слова уход за кожей
610 Ключевые слова 0_
a Ключевые слова ремонт меховых изделий
610 Ключевые слова 0_
a Ключевые слова ремонт кожаных изделий
686 Индексы других классификаций __
2 Код системы rubbks
a Классификационный индекс 85.125.9я20; ст85.125я2
700 Автор _1
a Фамилия Нестерюк
b Имя Т.
g Полное личное имя Татьяна
4 Код отношения 070
801 Источник записи _0
b Организация ГПНТБ России
a Страна RU
c Дата составления 20220622
g Правила каталогизации PSBO
801 Источник записи _1
b Организация ГПНТБ России
a Страна RU
c Дата составления 20220622
g Правила каталогизации PSBO
852 Данные о местонахождении 5_
j Шифр хранения 85.125.9я20
i Авторский знак Н 56
900 Макрообъекты __
a Макрообъекты Кожа и мех. Нестерюк, Т., 2020
901 Тип документа __
a Ответственный КиК/Обаева
t Тип документа m
903 Характеристики (МАРС) __
a Дата передачи 20220707
c Наименование библиотеки (МАРС) Муниципальное бюджетное учреждение культуры "Централизованная библиотечная система" г. Сургут (Центральная городская библиотека им. А. С. Пушкина)
969 Тип издания __
a Тип издания издание для досуга
990 Данные о заказе (DOS) __
j Количество экземпляров (DOS) 2
t N записи в КСУ для И/У (DOS) 202207